00564 2200217 4500001002100000005001700021008004100038020001800079035002400097090001800121100001200139245004300151260004200194300001900236650002800255850001200283985000600295999001500301999001500316999001500331YOGYA-0209000004739020090227031540.0 ind  a979-22-2804-5 0010-020900000047390 a808.83bMir B aMIRA, W aBenteng KasihbKumpulan CerpencMira W aJakartabGramedia Pustaka Utamac2007 a349 hlmc18 cm aCerita Pendek Indonesia aYOPDYOG a3 a07B0031192 a07B0031193 a07B0031194